000 01323nam a22003857a 4500
003 CHAP
005 20220329143243.0
008 070918d1971 mx r 00110 spa d
010 _a93996
011 _a94968
035 _a105571
040 _cCHAP
090 _aFolleto 16669
100 0 0 _aBeltrán, Enrique.
_911476
245 1 0 _aFertilidad animal vs. fertilidad humana
_c/por Enrique Beltran
260 _aMéxico :
_bInstituto Méxicano de Recursos Naturales Renovables,
_c1971.
300 _a27 p.
410 0 0 _aInstituto Mexicano de Recursos Naturales Renovables
490 0 _aEdiciones del IMRNR
_v;37
590 _aBATCH-UPD
_b10
_c20130110
_lUCH01
_h0112
590 _aBATCH-UPD
_b10
_c20130110
_lUCH01
_h1949
590 _aBATCH-UPD
_b10
_c20130409
_lUCH01
_h2103
590 _aBATCH-UPD
_b10
_c20130410
_lUCH01
_h1311
590 _aBATCH-UPD
_b10
_c20130914
_lUCH01
_h0559
590 _aCONVERSION
_b10
_c20130109
_lUCH01
_h1352
650 1 4 _aDemografía.
_931742
650 1 4 _aFecundidad.
_939907
650 1 4 _aRecursos naturales
_xUtilización.
_995321
810 0 0 _aInstituto Mexicano de Recursos Naturales Renovables
_959259
830 0 _aEdiciones del IMRNR
_v;37
_935355
901 _aBK
905 _aElisama A. H.
942 _cFOLL
949 _aFolleto 16669
_bBC
_cFOLL
_d33724002037280
_eTS1
_i105571
_sb
999 _c93996
_d93996